000 00305nam a22001331a 4500
082 _aS 294.592 1
_bSHU
245 _aShuklayajurvedamadhyanadhiniya samhita/
260 _aDelhi:
_bNag,
_c2000.
300 _a1044p.
650 _aVedic Literature
650 _aHinduism
650 _aReligion
942 _cBK
999 _c41975
_d41975